Zgadnij Kraj po piłkarzu - Statystyki

Ogólne statystyki
  • Ten quiz został rozwiązany 47 razy
  • Średni wynik to 7 z 8
Statystyki odpowiedzi
Hint Odpowiedź % Poprawnych
Gundogan Niemcy
100%
Smolarek Polska
100%
van basten Holandia
95%
Hazard Belgia
93%
Eriksen Dania
89%
Mudryk Ukraina
82%
Forsberg Szwecja
77%
Choupo-moting Kamerun
64%
Nie znaleziono quizów pasujących do podanych kryteriów
Rozkład punktacji
Procent ludzi z każdym wynikiem
Percentyl według liczby udzielonych odpowiedzi
Twoja historia wyników
Nie rozwiązałeś tego quizu